Hand book of some medicinal plants / (Record no. 40880)

MARC details
000 -LEADER
fixed length control field 00725nam a22002057a 4500
005 - DATE AND TIME OF LATEST TRANSACTION
control field 20100811113040.0
010 ## - LCCN (DPL NO)
LC control number ENG-99606
020 ## - INTERNATIONAL STANDARD BOOK NUMBER
International Standard Book Number 9788190909174
Terms of availability 65.00
035 ## - SYSTEM CONTROL NUMBER
System control number EN-83138
037 ## - SOURCE OF ACQUISITION
Source of stock number/acquisition DBAD/PUB
082 ## - DEWEY DECIMAL CLASSIFICATION NUMBER
Classification number 581.634
100 ## - MAIN ENTRY--PERSONAL NAME
Personal name Amala, K.
245 ## - TITLE STATEMENT
Title Hand book of some medicinal plants /
Statement of responsibility, etc by K. Amala
260 ## - PUBLICATION, DISTRIBUTION, ETC. (IMPRINT)
Place of publication, distribution, etc Chennai
Name of publisher, distributor, etc Star Publication
Date of publication, distribution, etc 2009
270 ## - ADDRESS
Address 12/7, H. I. G. Plot, Welcome Colony Anna Nagar West
City Chennai
Postal code 102
300 ## - PHYSICAL DESCRIPTION
Extent 84p.
Dimensions 20cm (pbk)
650 ## - SUBJECT ADDED ENTRY--TOPICAL TERM
Topical term or geographic name as entry element Medicinal Plant
942 ## - ADDED ENTRY ELEMENTS (KOHA)
Source of classification or shelving scheme Dewey Decimal Classification
Item type English Books
Classification part 581.634
Call number suffix AMA
Holdings
Withdrawn status Lost status Not for loan Collection code Home library Current library Date acquired Source of acquisition Cost, normal purchase price Full call number Barcode Copy number Cost, replacement price Koha item type
    Not For Loan Non-fiction D.B.Act.Division D.B.Act.Division 11/08/2010 DBAD/PUB 65.00 581.634 AMA EN-83138 1 65.00 English Books

© Delhi Public Library
Hit Counter
free hit counter